The European Union and British Democracy : (Record no. 614752)

MARC details
000 -LEADER
fixed length control field 00517nam a2200193 a 4500
008 - FIXED-LENGTH DATA ELEMENTS--GENERAL INFORMATION
fixed length control field 260220s2000##################000#0#eng##
020 ## - INTERNATIONAL STANDARD BOOK NUMBER
ISBN 9780333776483
082 04 - DEWEY DECIMAL CLASSIFICATION NUMBER
Classification number 320.94
Item number MAT
100 1# - MAIN ENTRY--AUTHOR NAME
Personal name Mather, J.,
245 10 - TITLE STATEMENT
Title The European Union and British Democracy :
260 ## - PUBLICATION, DISTRIBUTION, ETC. (IMPRINT)
Name of publisher Palgrave Macmillan,
Year of publication 2000.
300 ## - PHYSICAL DESCRIPTION
Number of Pages 230 pages
650 #0 - SUBJECT ADDED ENTRY--TOPICAL TERM
Topical Term Political Science.
942 ## - ADDED ENTRY ELEMENTS (KOHA)
Koha item type English Books
Holdings
Withdrawn status Lost status Damaged status Not for loan Home library Current library Shelving location Date acquired Full call number Accession Number Price effective from Koha item type
        Anna Centenary Library Anna Centenary Library 3RD FLOOR, B WING 20.02.2026 320.94 MAT 320728 20.02.2026 English Books

Find us on the map